[Event "Moscow op-A"]
[Site "Moscow"]
[Date "2009.02.06"]
[Round "7"]
[White "Semin, Gennadiy Vladimirov"]
[Black "Mingaleev, Ildar"]
[Result "0-1"]
[WhiteElo "2171"]
[BlackElo "2009"]
[PlyCount "56"]
[EventDate "2009.01.31"]
[EventType "swiss"]
[EventRounds "9"]
[EventCountry "RUS"]
[SourceTitle "EXT 2023"]
[Source "ChessBase"]
[SourceDate "2022.10.05"]
[SourceVersion "1"]
[SourceVersionDate "2022.10.05"]
[SourceQuality "1"]

1. d4 d5 2. c4 e6 3. Nc3 Nf6 4. Bg5 Nbd7 5. Nf3 Be7 6. Qc2 0-0 7. e3 h6 8. Bf4 c6 9. cxd5 exd5 10. h3 b6 11. Bd3 Bb7 12. 0-0 a6 13. Rfe1 Re8 14. Rad1 c5 15. Bf1 c4 16. g4 b5 17. Bg2 b4 18. Ne2 Rc8 19. Ng3 Bf8 20. Ne5 g5 21. Nxd7 Nxd7 22. Be5 Nxe5 23. dxe5 Rxe5 24. Nf5 Qe8 25. Bf3 Bc6 26. Kg2 Ba4 27. b3 cxb3 28. Qe2 bxa2 0-1

[Event "Moscow op-A"]
[Site "Moscow"]
[Date "2009.02.01"]
[Round "2"]
[White "Mingaleev, Ildar"]
[Black "Efanov, Nikolai Aleksandrov"]
[Result "0-1"]
[WhiteElo "2009"]
[BlackElo "2411"]
[PlyCount "86"]
[EventDate "2009.01.31"]
[EventType "swiss"]
[EventRounds "9"]
[EventCountry "RUS"]
[SourceTitle "EXT 2022"]
[Source "ChessBase"]
[SourceDate "2021.10.06"]
[SourceVersion "1"]
[SourceVersionDate "2021.10.06"]
[SourceQuality "1"]

1. e4 c5 2. Nf3 d6 3. d4 cxd4 4. Nxd4 Nf6 5. Nc3 a6 6. a4 g6 7. Be2 Bg7 8. Be3 Nc6 9. 0-0 0-0 10. Qd2 Ng4 11. Bxg4 Bxg4 12. h3 Bd7 13. Rfd1 Re8 14. Rab1 Rb8 15. b3 Qa5 16. Nd5 Qxd2 17. Rxd2 Nxd4 18. Bxd4 f6 19. Nb6 Bc6 20. f3 Bh6 21. Rd3 Kf7 22. Rbd1 Rg8 23. Be3 Bf8 24. c4 f5 25. exf5 gxf5 26. Bc1 e5 27. Nd5 Re8 28. Be3 Re6 29. R1d2 Reg6 30. Rf2 Be7 31. Nxe7 Kxe7 32. Kf1 e4 33. fxe4 Bxe4 34. Rdd2 Rg3 35. Rfe2 a5 36. Bf4 Rxb3 37. Bxd6+ Kf6 38. Rf2 Rb1+ 39. Ke2 Bxg2 40. Ke3 Re8+ 41. Kd4 Re4+ 42. Kc5 b6+ 43. Kd5 Bh1 0-1

[Event "Moscow op-A"]
[Site "Moscow"]
[Date "2009.01.31"]
[Round "1"]
[White "Tilicheev, Viacheslav"]
[Black "Mingaleev, Ildar"]
[Result "1-0"]
[WhiteElo "2242"]
[BlackElo "2009"]
[PlyCount "93"]
[EventDate "2009.01.31"]
[EventType "swiss"]
[EventRounds "9"]
[EventCountry "RUS"]
[SourceTitle "EXT 2022"]
[Source "ChessBase"]
[SourceDate "2021.10.06"]
[SourceVersion "1"]
[SourceVersionDate "2021.10.06"]
[SourceQuality "1"]

1. d4 d5 2. c4 e6 3. Nc3 Nf6 4. cxd5 exd5 5. Bg5 Be7 6. Qc2 g6 7. e3 Bf5 8. Qb3 c6 9. Qxb7 0-0 10. Qxa8 Qb6 11. 0-0-0 Nbd7 12. Na4 Qa5 13. Qxc6 Nb6 14. Nxb6 axb6 15. Bxf6 Bxf6 16. Bd3 Rc8 17. Qxc8+ Bxc8 18. Kb1 Be7 19. Ne2 b5 20. Rc1 Bb7 21. Rc2 b4 22. b3 Ba6 23. Bxa6 Qxa6 24. Nf4 Qd6 25. Rc8+ Kg7 26. Rhc1 Bg5 27. R1c6 Qd7 28. Ne6+ Kh6 29. R8c7 Qe8 30. Nxg5 Kxg5 31. g3 f5 32. Rc2 h5 33. h4+ Kg4 34. Kb2 Kf3 35. R7c5 Qd8 36. Rc6 Qe8 37. Rb6 g5 38. hxg5 Qd8 39. Rxb4 Qxg5 40. Rb8 h4 41. gxh4 Qxh4 42. a4 Qf6 43. Rbc8 f4 44. R8c3 fxe3 45. fxe3 Qb6 46. Ka3 Qd6+ 47. b4 1-0